| 000 | 00517cam a2200181 4500500 | ||
|---|---|---|---|
| 005 | 20250921003615.0 | ||
| 041 | _afre | ||
| 042 | _adc | ||
| 100 | 1 | 0 |
_aRogé, Antoine _eauthor |
| 245 | 0 | 0 | _aSprezzatura |
| 260 | _c2018. | ||
| 500 | _a86 | ||
| 690 | _aBaldassare Castiglione | ||
| 690 | _aItalie | ||
| 690 | _aSprezzatura | ||
| 786 | 0 | _nPhilosophie Magazine | 121 | 8 | 2018-07-01 | p. 39-41 | |
| 856 | 4 | 1 | _uhttps://shs.cairn.info/magazine-philosophie-magazine-2018-8-page-39?lang=fr&redirect-ssocas=7080 |
| 999 |
_c1506651 _d1506651 |
||